The Arab's impact on European civilisation /

محفوظ في:

المؤلف الرئيسي: ʿAqqād, ʿAbbās Maḥmūd, 1889-1964 (مؤلف)

مؤلفون آخرون: Cashmiry, Ismail.

التنسيق: كتاب

اللغة: English
Arabic

منشور في: Cairo : Supreme Council for Islamic Affairs, Ministry of Waqfs, [196-].

الموضوعات:

الوسوم: إضافة وسم

لا توجد وسوم, كن أول من يضع وسما على هذه التسجيلة!

رقم الطلب: CB251 .A663 196-

LEADER 01156nam a2200301Ma 4500
001 6468
003 OSt
005 20251110125252.0
008 130303k19601969ua c 000 0 eng d
010 |a ne 63000109 
040 |c ARCE Library 
041 1 |a eng  |h ara 
043 |a e------  |a ma----- 
050 4 |a CB251 .A663 196- 
100 1 |a ʿAqqād, ʿAbbās Maḥmūd,  |d 1889-1964,  |e author 
240 1 0 |a Athar al-ʻArab fī al-ḥaḍārah al-Awrubbȳah.  |l English 
245 1 4 |a The Arab's impact on European civilisation /  |c by Abbas Mahmoud al-Akkad ; translated by Ismail Cashmiry, Muhammad al-Hadi ; revised by Shawki Sukkary. 
264 1 |a Cairo :  |b Supreme Council for Islamic Affairs, Ministry of Waqfs,  |c [196-]. 
300 |a 175 pages :  |b portraits ;  |c 20 cm. 
500 |a Translation of Athar al-ʻArab fī al-ḥaḍārah al-Ūrūbbīyah. 
650 0 |a Civilization, Arab  |x Influence  |x Western civilization. 
650 0 |a Civilization, Arab. 
650 0 |a Civilization, Western  |x Arab influences. 
651 0 |a Arab countries  |x Social life and customs. 
700 1 |a Cashmiry, Ismail.  |9 27789 
901 |a reviewed 
942 |c BK  |2 lcc 
999 |c 8536  |d 8536